|
|
|
|
| LEADER |
00000cam a2200000 a 4500 |
| 001 |
vtls001471084 |
| 003 |
SK-MaSNL |
| 005 |
20260301182938.0 |
| 008 |
240226s1966 xo oa f 000 0 slo |
| 015 |
|
|
|a SNBA1966/11-01919
|
| 020 |
|
|
|q (viazané)
|
| 035 |
|
|
|a SNK000426387
|
| 035 |
|
|
|a 1FC10EDE-6A4D-4B0D-BEA5-A232B768C0E9
|
| 035 |
|
|
|a urn:nbn:sk:snk-am00icr7
|
| 040 |
|
|
|a SNK
|b slo
|c SNK
|e AACR2
|
| 041 |
0 |
|
|a slo
|b rus
|b ger
|
| 043 |
|
|
|a e-xo---
|
| 044 |
|
|
|a xo
|c SK
|
| 072 |
|
7 |
|a 903
|x Pravek
|2 konspekt
|
| 072 |
|
7 |
|a 902
|x Archeológia
|2 konspekt
|
| 080 |
|
|
|a 903.5
|2 2011
|
| 080 |
|
|
|a 903"6377"
|2 2001
|
| 080 |
|
|
|a 94"00/03"
|2 2011
|
| 080 |
|
|
|a 902:904
|2 2011
|
| 080 |
|
|
|a (437.613)
|2 2011
|
| 080 |
|
|
|a (047.31)
|2 2011
|
| 100 |
1 |
|
|a Paulík, Jozef,
|d 1931-2013
|4 aut
|9 175191
|
| 245 |
1 |
0 |
|a Pohľady do minulosti Považia
|b mohyla z mladšej doby bronzovej a pohrebisko z mladšej doby rímskej v Očkove
|c autori: Jozef Paulík, Títus Kolník
|
| 250 |
|
|
|a 1. vyd.
|
| 260 |
|
|
|a Bratislava
|b Zs KNV pri KPÚ
|a Trenčín
|b Okresná komisia cestovného ruchu
|b Múzeum a hrad
|c 1966
|
| 300 |
|
|
|a 45 strán, [14] strán obrazových príloh
|b fotografie, ilustrácie
|c 23 cm
|
| 366 |
|
|
|e 3000 kusov
|
| 500 |
|
|
|a Vydalo Zs KNV pri KpÚ pre Okresnú komisiu cestovného ruchu a Múzeum a hrad v Trenčíne
|
| 546 |
|
|
|a Text slovensky, resumé nemecky a rusky
|
| 650 |
0 |
7 |
|a mohyly
|2 SNKPH
|9 27573
|
| 650 |
0 |
7 |
|a pohrebiská
|2 SNKPH
|9 30462
|
| 650 |
0 |
7 |
|a mladšia doba bronzová
|2 SNKPH
|9 82573
|
| 650 |
0 |
7 |
|a doba rímska
|2 SNKPH
|9 85771
|
| 650 |
0 |
7 |
|a mladšia doba rímska
|2 SNKPH
|9 82080
|
| 650 |
0 |
7 |
|a mohylové pohrebiská
|2 SNKPH
|9 175211
|
| 650 |
0 |
7 |
|a archeologické nálezy
|2 SNKPH
|9 4975
|
| 651 |
|
7 |
|a Očkov (Slovensko)
|2 SNKPHgeo
|9 85597
|
| 655 |
|
7 |
|a výskumné správy
|2 SNKPH
|9 70491
|
| 700 |
1 |
|
|a Kolník, Titus,
|d 1932-2017
|4 aut
|9 14050
|
| 852 |
|
|
|a Slovenská národná knižnica
|
| 954 |
|
|
|a odborná, vedecká literatúra pôvodná (slovenská)
|2 lita
|
| 958 |
|
|
|a RK
|
| 958 |
|
|
|a TL
|
| 958 |
|
|
|a OND
|
| 958 |
|
|
|a EUIPO
|
| 999 |
|
|
|c 855293
|d 857223
|
| 952 |
|
|
|t P60, <04>, [BOOK], {604}
|a SNK
|b SNK
|y VYP
|7 0
|p 17A0419565
|o snkSC 22069 D1
|i snkK 105/72
|0 0
|1 0
|4 0
|d 2004-03-16
|l 0
|r 2005-01-02 00:00:00
|w 2026-02-24
|
| 952 |
|
|
|a SNK
|b SNK
|y PREZ
|7 0
|p 17A0800834
|o snkSC 22069
|i snkKSP 7420/66
|0 0
|1 0
|4 0
|d 2012-08-27
|f 1
|l 0
|r 2026-02-24 04:54:38
|w 2026-02-24
|